| 000 | 00429nam a22001697a 4500 | ||
|---|---|---|---|
| 005 | 20251108164226.0 | ||
| 008 | 250721s1985 xx 000 0 ara d | ||
| 082 | 1 | 4 | _a618.2/حمل |
| 245 | 1 | 0 | _aالحمل / |
| 264 | 1 |
_aالرياض : _bدار المريخ للنشر، _c1985. |
|
| 300 | _a40ص | ||
| 490 | 0 | _aدليلك سيدتي | |
| 650 | 1 | 7 | _aالحمل |
| 650 | 1 | 7 | _aالولادة |
| 942 |
_2ddc _cBK |
||
| 999 |
_c6845 _d6845 |
||